Water quality : Agriculture's role

Contents: Agriculutural production and its impact on the environment; water quality: apublic policy perspective; future water qualirty programming; towars a new agricultural ethic.

Guardat en:
Dades bibliogràfiques
Format: Llibre
Idioma:Undetermined
Publicat: United States
Matèries:
Etiquetes: Afegir etiqueta
Sense etiquetes, Sigues el primer a etiquetar aquest registre!
Thư viện lưu trữ: Trung tâm Học liệu Trường Đại học Cần Thơ
LEADER 00631nam a2200169Ia 4500
001 CTU_138251
008 210402s9999 xx 000 0 und d
082 |a 363.731 
082 |b W324 
245 0 |a Water quality : 
245 0 |b Agriculture's role 
260 |a United States 
520 |a Contents: Agriculutural production and its impact on the environment; water quality: apublic policy perspective; future water qualirty programming; towars a new agricultural ethic. 
650 |a Nông nghiệp,Agriculture 
650 |z Mỹ,United States 
904 |i Tuyến 
980 |a Trung tâm Học liệu Trường Đại học Cần Thơ